000
00213 a2200097 4500
001
48470
100
_a
Huxley, A
245
_a
Beyond the mexique bay
260
_a
London
_b
Chatto windus
_c
090
_c
31406
_d
31406
942
_a
NUST-CAE
_c
M
_c
23788
999
_c
283543
_d
283543